01483nam a2200361Ia 4500001001200000003000800012006001900020007001500039008004100054010001700095020001500112020001500127040002100142035002100163050002300184100002900207245012600236260006900362300001100431504006600442533015200508610003700660650004000697650004400737650002100781651003800802651004500840651004500885655002900930710001700959856012600976999001901102ebr10135417CaPaEBRm u cr cn|||||||||030912s2004 enk sb 001 0 eng d z 2003065609 z1403978832 z1403962219 aCaPaEBRcCaPaEBR a(OCoLC)56046116414aF1415b.S49 2004eb1 aShaw, Carolyn M.,d1970-10aCooperation, conflict, and consensus in the Organization of American Statesh[electronic resource] /cby Carolyn M. Shaw. aBasingstoke, Hampshire ;aNew York :bPalgrave Macmillan,c2004. a209 p. aIncludes bibliographical references (p. [193]-199) and index. aElectronic reproduction.bPalo Alto, Calif. :cebrary,d2009.nAvailable via World Wide Web.nAccess may be limited to ebrary affiliated libraries.20aOrganization of American States. 0aConflict managementzLatin America. 0aSecurity, InternationalzLatin America. 0aPan-Americanism. 0aLatin AmericaxForeign relations. 0aUnited StatesxRelationszLatin America. 0aLatin AmericaxRelationszUnited States. 7aElectronic books.2local2 aebrary, Inc.40uhttp://site.ebrary.com/lib/rucke/Doc?id=10135417zAn electronic book accessible through the World Wide Web; click to view c187583d187583